First-Last Word Match: Best Picture Quiz Stats

Quiz Updated Jul 25, 2016

Challenge
Share
Tweet
Score 0/40 Timer 04:00
3 Plays Today
% Correct
Forrest
96.8%
Slumdog
96.2%
Schindler's
96%
Dances
94.3%
Kramer
93.5%
Lawrence
93.3%
Terms
93.2%
Shakespeare
93.1%
Driving
92.8%
Chariots
92.6%
American
90.9%
Million
89.5%
Annie
88.4%
Grand
86.2%
12
86.2%
Out
85.2%
Rain
84.9%
Gone
84.5%
Ordinary
83%
From
82.1%
% Correct
Midnight
81.9%
Mutiny
80.2%
West
78.7%
On
78.1%
All
75.8%
Gentleman's
75.6%
Around
67.8%
Mrs.
66.7%
My
63.9%
Tom
63.7%
All
57.5%
An
56.2%
One
55.7%
No
54.8%
How
53%
All
51.2%
Going
47.4%
It
46.7%
In
41.6%
You
25.3%

You're not logged in!

Compare scores with friends on all Sporcle quizzes.
Join for Free
OR
Log In

You Might Also Like...

Show Comments

Extras

Top Quizzes Today


Score Distribution

Your Account Isn't Verified!

In order to create a playlist on Sporcle, you need to verify the email address you used during registration. Go to your Sporcle Settings to finish the process.

Report this User

Report this user for behavior that violates our Community Guidelines.

Details: